[Event "Hoogeveen Open 2016"]
[Site "Hoogeveen"]
[Date "2016.10.17"]
[Round "3.13"]
[White "Vedder, Richard"]
[Black "Valdes Romero, Leonardo"]
[Result "1/2-1/2"]
[BlackElo "2391"]
[WhiteElo "2205"]
[LiveChessVersion "1.4.8"]

1. e4 {[%clk 1:28:50]} e5 {[%clk 1:30:50]} 2. Nf3 {[%clk 1:28:55]} Nf6
{[%clk 1:31:14]} 3. d4 {[%clk 1:28:29]} Nxe4 {[%clk 1:31:37]} 4. Bd3
{[%clk 1:28:23]} d5 {[%clk 1:32:01]} 5. Nxe5 {[%clk 1:27:17]} Nd7
{[%clk 1:32:24]} 6. Nxd7 {[%clk 1:24:13]} Bxd7 {[%clk 1:32:48]} 7. O-O
{[%clk 1:24:35]} Bd6 {[%clk 1:33:14]} 8. Nc3 {[%clk 1:20:38]} Nxc3
{[%clk 1:33:23]} 9. bxc3 {[%clk 1:21:05]} O-O {[%clk 1:33:47]} 10. Qh5
{[%clk 1:17:53]} f5 {[%clk 1:32:21]} 11. Bg5 {[%clk 1:15:09]} Qe8
{[%clk 1:10:48]} 12. Qxe8 {[%clk 1:15:00]} Raxe8 {[%clk 1:10:38]} 13. Bd2
{[%clk 1:15:10]} c5 {[%clk 1:05:12]} 14. Rfe1 {[%clk 1:06:59]} Ba4
{[%clk 0:56:33]} 15. Rxe8 {[%clk 1:02:37]} Rxe8 {[%clk 0:51:19]} 16. Bxf5
{[%clk 0:59:05]} g6 {[%clk 0:51:19]} 17. dxc5 {[%clk 0:52:29]} Bxh2+
{[%clk 0:48:18]} 18. Kxh2 {[%clk 0:52:50]} gxf5 {[%clk 0:48:35]} 19. Rb1
{[%clk 0:50:16]} Re2 {[%clk 0:47:56]} 20. Be3 {[%clk 0:50:27]} Bc6
{[%clk 0:48:08]} 21. Rc1 {[%clk 0:42:53]} f4 {[%clk 0:45:02]} 22. Bd4
{[%clk 0:42:39]} Kf7 {[%clk 0:45:24]} 23. g3 {[%clk 0:37:45]} Kg6
{[%clk 0:42:34]} 24. gxf4 {[%clk 0:37:23]} Kf5 {[%clk 0:42:17]} 25. Kg3
{[%clk 0:37:35]} h5 {[%clk 0:40:09]} 26. a3 {[%clk 0:35:49]} a6 {[%clk 0:37:25]}
27. Rh1 {[%clk 0:30:10]} Be8 {[%clk 0:37:47]} 28. Kf3 {[%clk 0:29:48]} Re4
{[%clk 0:32:07]} 29. Rh4 {[%clk 0:27:06]} Re1 {[%clk 0:29:42]} 30. Rh3
{[%clk 0:27:21]} Rg1 {[%clk 0:27:53]} 31. Be3 {[%clk 0:21:52]} Rg4
{[%clk 0:27:20]} 32. Ke2 {[%clk 0:21:11]} Rg1 {[%clk 0:26:50]} 33. Rh2
{[%clk 0:19:25]} Rg7 {[%clk 0:21:59]} 34. Kd3 {[%clk 0:17:51]} Rg1
{[%clk 0:18:52]} 35. f3 {[%clk 0:16:41]} Rf1 {[%clk 0:15:59]} 36. Rg2
{[%clk 0:13:38]} Ke6 {[%clk 0:05:23]} 37. Rg5 {[%clk 0:11:23]} Bb5+
{[%clk 0:02:40]} 38. Kd2 {[%clk 0:11:43]} Rxf3 {[%clk 0:01:16]} 39. Rxh5
{[%clk 0:12:01]} Rg3 {[%clk 0:00:39]} 40. Re5+ {[%clk 0:12:01]} Kf7
{[%clk 0:00:39]} 41. Rxd5 {[%clk 0:12:03]} Rg2+ {[%clk 0:00:47]} 42. Kc1
{[%clk 0:11:40]} Ba4 {[%clk 0:00:59]} 43. Bd2 {[%clk 0:11:38]} Rf2
{[%clk 0:29:57]} 44. c4 {[%clk 0:39:35]} Bc6 {[%clk 0:29:39]} 45. Rd6
{[%clk 0:37:50]} Rf3 {[%clk 0:29:52]} 46. Kb2 {[%clk 0:37:40]} Rf2
{[%clk 0:30:14]} 47. Kc3 {[%clk 0:37:51]} Rf3+ {[%clk 0:30:19]} 48. Rd3
{[%clk 0:38:09]} Be4 {[%clk 0:30:20]} 49. Kd4 {[%clk 0:34:07]} Bxd3
{[%clk 0:29:16]} 50. cxd3 {[%clk 0:34:35]} Rf2 {[%clk 0:29:26]} 51. Ke3
{[%clk 0:34:34]} Rh2 {[%clk 0:29:50]} 52. Bb4 {[%clk 0:33:29]} Ke6
{[%clk 0:28:02]} 53. d4 {[%clk 0:31:44]} Kf5 {[%clk 0:19:48]} 54. d5
{[%clk 0:31:59]} Rh4 {[%clk 0:19:48]} 55. d6 {[%clk 0:20:15]} Ke6
{[%clk 0:19:41]} 56. f5+ {[%clk 0:20:11]} Kd7 {[%clk 0:20:05]} 57. f6
{[%clk 0:19:17]} Rh6 {[%clk 0:13:59]} 58. Bc3 {[%clk 0:18:37]} Rh3+
{[%clk 0:08:14]} 59. Kd2 {[%clk 0:16:41]} Ke6 {[%clk 0:05:54]} 60. Kc2
{[%clk 0:14:22]} Rh5 {[%clk 0:04:58]} 61. Bd4 {[%clk 0:14:05]} Rh4
{[%clk 0:04:52]} 62. Kc3 {[%clk 0:13:38]} Rf4 {[%clk 0:03:59]} 63. Kd3
{[%clk 0:08:52]} Rf1 {[%clk 0:03:28]} 64. Bc3 {[%clk 0:07:25]} Rf3+
{[%clk 0:02:30]} 65. Kc2 {[%clk 0:07:42]} Rf5 {[%clk 0:02:24]} 66. Bd4
{[%clk 0:08:09]} Rf4 {[%clk 0:02:24]} 67. Kd3 {[%clk 0:08:33]} Rf1
{[%clk 0:02:29]} 68. Bc3 {[%clk 0:08:50]} Ke5 69. Ke4+ 1/2-1/2

[Event "Hoogeveen Open 2016"]
[Site "Hoogeveen"]
[Date "2016.10.17"]
[Round "3.14"]
[White "Bekedam, Tyro"]
[Black "Van Foreest, Lucas"]
[Result "0-1"]
[BlackElo "2350"]
[WhiteElo "2069"]
[LiveChessVersion "1.4.8"]

1. e4 {[%clk 1:30:54]} d5 {[%clk 1:30:18]} 2. exd5 {[%clk 1:30:52]} Qxd5
{[%clk 1:30:42]} 3. Nc3 {[%clk 1:30:53]} Qd6 {[%clk 1:31:06]} 4. Nf3
{[%clk 1:29:52]} Nf6 {[%clk 1:31:30]} 5. h3 {[%clk 1:27:59]} c6 {[%clk 1:31:05]}
6. d4 {[%clk 1:26:00]} Bf5 {[%clk 1:31:15]} 7. Bd3 {[%clk 1:24:17]} Bxd3
{[%clk 1:30:21]} 8. Qxd3 {[%clk 1:24:40]} e6 {[%clk 1:29:42]} 9. O-O
{[%clk 1:20:49]} Nbd7 {[%clk 1:28:09]} 10. Re1 {[%clk 1:19:18]} Be7
{[%clk 1:28:18]} 11. Ne2 {[%clk 1:15:16]} c5 {[%clk 1:11:19]} 12. Bf4
{[%clk 1:08:46]} Qb6 {[%clk 1:09:46]} 13. Ne5 {[%clk 1:05:44]} O-O
{[%clk 0:55:13]} 14. Nxd7 {[%clk 0:52:00]} Nxd7 {[%clk 0:55:37]} 15. d5
{[%clk 0:52:20]} e5 {[%clk 0:49:37]} 16. Bh2 {[%clk 0:50:49]} Bd6
{[%clk 0:47:12]} 17. Ng3 {[%clk 0:46:57]} g6 {[%clk 0:39:22]} 18. h4
{[%clk 0:36:47]} f5 {[%clk 0:38:53]} 19. b3 {[%clk 0:32:07]} Nf6 {[%clk 0:37:42]}
20. h5 {[%clk 0:29:28]} Ng4 {[%clk 0:34:34]} 21. c4 {[%clk 0:25:26]} e4
{[%clk 0:34:45]} 22. Qd2 {[%clk 0:25:11]} Qc7 {[%clk 0:32:23]} 23. hxg6
{[%clk 0:21:37]} hxg6 {[%clk 0:32:29]} 24. Qg5 {[%clk 0:21:28]} Qh7
{[%clk 0:32:22]} 25. Nxf5 {[%clk 0:15:05]} Rxf5 {[%clk 0:32:24]} 26. Qxg4
{[%clk 0:15:27]} Bxh2+ {[%clk 0:32:25]} 27. Kf1 {[%clk 0:15:48]} Be5
{[%clk 0:32:39]} 28. Rac1 {[%clk 0:15:01]} Raf8 {[%clk 0:33:00]} 29. Rc2
{[%clk 0:13:07]} Qh1+ {[%clk 0:30:53]} 30. Ke2 {[%clk 0:13:30]} Rxf2+
{[%clk 0:31:10]} 31. Kd1 {[%clk 0:13:56]} Qxe1+ {[%clk 0:30:09]} 32. Kxe1
{[%clk 0:14:19]} Rf1+ {[%clk 0:30:37]} 33. Ke2 {[%clk 0:13:14]} R8f2+
{[%clk 0:30:54]} 34. Ke3 {[%clk 0:13:37]} Bd4+ {[%clk 0:31:14]} 35. Kxe4
{[%clk 0:13:59]} Re1+ {[%clk 0:31:38]} 36. Kd3 {[%clk 0:13:53]} Re3# 0-1

[Event "Hoogeveen Open 2016"]
[Site "Hoogeveen"]
[Date "2016.10.17"]
[Round "3.15"]
[White "Jonkman, Harmen"]
[Black "Heemskerk, Wim"]
[Result "1-0"]
[BlackElo "2243"]
[WhiteElo "2413"]
[LiveChessVersion "1.4.8"]

1. e4 {[%clk 1:30:57]} e6 {[%clk 1:30:53]} 2. d4 {[%clk 1:31:14]} d5
{[%clk 1:31:14]} 3. Nd2 {[%clk 1:31:33]} c5 {[%clk 1:30:49]} 4. exd5
{[%clk 1:31:25]} exd5 {[%clk 1:30:37]} 5. Ngf3 {[%clk 1:29:46]} Nc6
{[%clk 1:30:59]} 6. Be2 {[%clk 1:26:44]} cxd4 {[%clk 1:27:42]} 7. O-O
{[%clk 1:26:53]} Nf6 {[%clk 1:27:51]} 8. Nb3 {[%clk 1:26:39]} Be7
{[%clk 1:27:53]} 9. Nfxd4 {[%clk 1:26:08]} O-O {[%clk 1:26:08]} 10. Bg5
{[%clk 1:22:46]} Re8 {[%clk 1:18:54]} 11. c3 {[%clk 1:17:53]} h6 {[%clk 1:13:37]}
12. Bf4 {[%clk 1:09:43]} Bd6 {[%clk 1:07:45]} 13. Bg3 {[%clk 1:08:55]} Be6
{[%clk 0:58:46]} 14. Qc2 {[%clk 1:07:49]} Ne4 {[%clk 0:55:34]} 15. Rad1
{[%clk 1:07:02]} Bxg3 {[%clk 0:42:37]} 16. hxg3 {[%clk 1:05:30]} Qf6
{[%clk 0:40:40]} 17. Bd3 {[%clk 0:56:30]} Rac8 {[%clk 0:34:03]} 18. Nxe6
{[%clk 0:45:23]} Qxe6 {[%clk 0:24:15]} 19. Rfe1 {[%clk 0:29:47]} Nb4
{[%clk 0:20:50]} 20. Qb1 {[%clk 0:29:39]} Nxd3 {[%clk 0:21:00]} 21. Qxd3
{[%clk 0:29:58]} Qb6 {[%clk 0:18:45]} 22. Qd4 {[%clk 0:27:07]} Qxd4
{[%clk 0:17:34]} 23. Rxd4 {[%clk 0:27:03]} Nf6 {[%clk 0:16:56]} 24. Kf1
{[%clk 0:25:01]} Kf8 {[%clk 0:16:29]} 25. Red1 {[%clk 0:23:04]} Re6
{[%clk 0:15:03]} 26. Rb4 {[%clk 0:22:59]} Rc7 {[%clk 0:12:41]} 27. Nd4
{[%clk 0:22:42]} Ra6 {[%clk 0:11:42]} 28. a3 {[%clk 0:22:43]} g6 {[%clk 0:09:53]}
29. Nc2 {[%clk 0:22:52]} Ra5 {[%clk 0:07:17]} 30. Ne3 {[%clk 0:22:40]} b6
{[%clk 0:04:55]} 31. Rbd4 {[%clk 0:21:13]} Rb5 {[%clk 0:04:32]} 32. R1d2
{[%clk 0:21:35]} Ne4 {[%clk 0:04:01]} 33. Re2 {[%clk 0:21:57]} Nf6
{[%clk 0:04:05]} 34. b4 {[%clk 0:20:11]} Rc4 {[%clk 0:00:33]} 35. Nc2
{[%clk 0:16:02]} 1-0

[Event "Hoogeveen Open 2016"]
[Site "Hoogeveen"]
[Date "2016.10.17"]
[Round "3.16"]
[White "Clemens, Adrian"]
[Black "Debashis, Das"]
[Result "0-1"]
[BlackElo "2478"]
[WhiteElo "2162"]
[LiveChessVersion "1.4.8"]

1. d4 {[%clk 1:30:46]} Nf6 {[%clk 1:30:35]} 2. c4 {[%clk 1:31:11]} e6
{[%clk 1:31:02]} 3. Nf3 {[%clk 1:30:52]} b6 {[%clk 1:31:22]} 4. g3
{[%clk 1:30:51]} Ba6 {[%clk 1:31:41]} 5. Qc2 {[%clk 1:30:49]} c5 {[%clk 1:31:05]}
6. d5 {[%clk 1:30:49]} exd5 {[%clk 1:30:40]} 7. cxd5 {[%clk 1:31:14]} Bb7
{[%clk 1:31:06]} 8. Bg2 {[%clk 1:31:05]} Nxd5 {[%clk 1:31:02]} 9. O-O
{[%clk 1:31:27]} Be7 {[%clk 1:31:06]} 10. Rd1 {[%clk 1:31:33]} Nc6
{[%clk 1:30:57]} 11. Qa4 {[%clk 1:28:06]} Nf6 {[%clk 1:26:12]} 12. e4
{[%clk 1:27:44]} O-O {[%clk 1:22:33]} 13. Nc3 {[%clk 1:24:34]} Qb8
{[%clk 1:10:14]} 14. Bf4 {[%clk 1:14:14]} d6 {[%clk 1:10:27]} 15. Rd2
{[%clk 1:10:57]} Ne5 {[%clk 1:03:07]} 16. Nh4 {[%clk 1:10:00]} g6
{[%clk 1:01:53]} 17. Bg5 {[%clk 1:05:22]} Re8 {[%clk 0:57:49]} 18. Re1
{[%clk 0:58:54]} c4 {[%clk 0:53:20]} 19. f4 {[%clk 0:53:35]} Nd3 {[%clk 0:52:29]}
20. Ree2 {[%clk 0:51:57]} d5 {[%clk 0:48:44]} 21. exd5 {[%clk 0:49:10]} Bc5+
{[%clk 0:45:35]} 22. Kh1 {[%clk 0:49:06]} Ng4 {[%clk 0:45:09]} 23. Ne4
{[%clk 0:44:23]} Rxe4 {[%clk 0:34:12]} 24. Bxe4 {[%clk 0:43:57]} Ngf2+
{[%clk 0:33:46]} 25. Rxf2 {[%clk 0:40:55]} Nxf2+ {[%clk 0:34:08]} 26. Rxf2
{[%clk 0:40:54]} Bxf2 {[%clk 0:34:18]} 27. Bf6 {[%clk 0:36:57]} Qe8
{[%clk 0:24:04]} 28. Qxc4 {[%clk 0:37:05]} Rc8 {[%clk 0:15:14]} 29. Qd3
{[%clk 0:36:37]} Ba6 {[%clk 0:14:54]} 30. Qf3 {[%clk 0:34:49]} Rc1+
{[%clk 0:14:12]} 31. Kg2 {[%clk 0:35:00]} Bc5 {[%clk 0:14:05]} 32. Bd3
{[%clk 0:29:09]} Bxd3 {[%clk 0:10:35]} 33. Qxd3 {[%clk 0:29:33]} Re1
{[%clk 0:10:43]} 34. Be5 {[%clk 0:24:37]} Qa4 {[%clk 0:07:30]} 35. d6
{[%clk 0:20:28]} Rd1 {[%clk 0:04:19]} 36. Qe2 {[%clk 0:17:58]} Bxd6
{[%clk 0:04:22]} 37. Bc3 {[%clk 0:15:59]} Rd5 {[%clk 0:04:26]} 38. Nf3
{[%clk 0:15:49]} Qc6 {[%clk 0:03:40]} 39. Qe4 {[%clk 0:15:23]} Bf8
{[%clk 0:03:09]} 40. f5 {[%clk 0:14:54]} Bg7 {[%clk 0:01:11]} 41. f6
{[%clk 0:12:42]} Bf8 {[%clk 0:30:14]} 42. h4 {[%clk 0:35:44]} Rd6
{[%clk 0:28:46]} 43. Ng5 {[%clk 0:30:46]} b5 {[%clk 0:27:23]} 44. a3
{[%clk 0:30:27]} Re6 {[%clk 0:23:51]} 45. Qxc6 {[%clk 0:30:32]} Rxc6
{[%clk 0:23:56]} 46. Ne4 {[%clk 0:30:55]} a5 {[%clk 0:23:26]} 47. Kf3
{[%clk 0:30:47]} b4 {[%clk 0:22:32]} 48. axb4 {[%clk 0:31:13]} Bxb4
{[%clk 0:22:52]} 49. Be5 {[%clk 0:31:08]} Kf8 {[%clk 0:22:15]} 50. Ke3
{[%clk 0:31:16]} Ke8 {[%clk 0:22:24]} 51. Kd4 {[%clk 0:31:28]} h6
{[%clk 0:21:48]} 52. Kd5 {[%clk 0:30:32]} Kd7 {[%clk 0:21:59]} 53. Bf4
{[%clk 0:29:38]} Bf8 {[%clk 0:22:07]} 54. Be5 {[%clk 0:26:04]} Rb6
{[%clk 0:21:54]} 55. Bd4 {[%clk 0:25:51]} Rb5+ {[%clk 0:21:53]} 56. Kc4
{[%clk 0:26:08]} Kc6 {[%clk 0:20:49]} 57. Kd3 {[%clk 0:24:15]} Rb3+
{[%clk 0:19:48]} 58. Bc3 {[%clk 0:24:18]} Kd5 {[%clk 0:19:24]} 59. Nd2
{[%clk 0:24:27]} Rb5 {[%clk 0:19:29]} 60. Nc4 {[%clk 0:24:29]} Bb4
{[%clk 0:19:17]} 61. Ne3+ {[%clk 0:24:47]} Ke6 {[%clk 0:19:27]} 62. Kc4
{[%clk 0:24:50]} Rc5+ {[%clk 0:19:07]} 63. Kd4 {[%clk 0:24:44]} Rc8
{[%clk 0:19:12]} 0-1

[Event "Hoogeveen Open 2016"]
[Site "Hoogeveen"]
[Date "2016.10.17"]
[Round "3.17"]
[White "Karavade, Eesha"]
[Black "Nguyen, Kevin"]
[Result "1-0"]
[BlackElo "2185"]
[WhiteElo "2421"]
[LiveChessVersion "1.4.8"]

1. d4 {[%clk 1:30:56]} Nf6 {[%clk 1:28:56]} 2. c4 {[%clk 1:31:12]} g6
{[%clk 1:29:22]} 3. Nc3 {[%clk 1:31:29]} Bg7 {[%clk 1:29:26]} 4. e4
{[%clk 1:31:50]} d6 {[%clk 1:29:53]} 5. Nf3 {[%clk 1:32:10]} O-O {[%clk 1:30:19]}
6. Be2 {[%clk 1:32:13]} c5 {[%clk 1:29:55]} 7. O-O {[%clk 1:29:28]} Nc6
{[%clk 1:30:05]} 8. d5 {[%clk 1:28:53]} Na5 {[%clk 1:30:30]} 9. Bg5
{[%clk 1:25:10]} h6 {[%clk 1:29:48]} 10. Bf4 {[%clk 1:23:02]} Nh5
{[%clk 1:29:52]} 11. Bd2 {[%clk 1:23:30]} Bg4 {[%clk 1:22:47]} 12. Ne1
{[%clk 1:15:55]} Bxe2 {[%clk 1:21:59]} 13. Qxe2 {[%clk 1:14:42]} e5
{[%clk 1:21:41]} 14. g3 {[%clk 1:11:58]} Qd7 {[%clk 1:17:39]} 15. Rb1
{[%clk 1:08:28]} b6 {[%clk 1:17:50]} 16. Ng2 {[%clk 1:07:46]} Rae8
{[%clk 1:15:46]} 17. b3 {[%clk 1:06:38]} Nb7 {[%clk 1:13:49]} 18. Nd1
{[%clk 0:57:39]} Nf6 {[%clk 1:09:20]} 19. f3 {[%clk 0:54:31]} Nh7
{[%clk 1:07:04]} 20. Nh4 {[%clk 0:39:23]} Ng5 {[%clk 1:04:24]} 21. Ne3
{[%clk 0:39:25]} Kh7 {[%clk 1:01:31]} 22. Qd3 {[%clk 0:36:54]} Qe7
{[%clk 0:59:10]} 23. Nhf5 {[%clk 0:30:35]} gxf5 {[%clk 0:54:13]} 24. Nxf5
{[%clk 0:30:57]} Qd7 {[%clk 0:50:23]} 25. h4 {[%clk 0:29:34]} Ne6
{[%clk 0:50:42]} 26. dxe6 {[%clk 0:27:08]} fxe6 {[%clk 0:50:58]} 27. Nxg7
{[%clk 0:25:25]} Qxg7 {[%clk 0:51:02]} 28. Kh2 {[%clk 0:25:38]} Rf7
{[%clk 0:48:13]} 29. Bc3 {[%clk 0:23:20]} Ref8 {[%clk 0:44:07]} 30. Rb2
{[%clk 0:20:05]} Rg8 {[%clk 0:40:08]} 31. f4 {[%clk 0:15:23]} Qg4
{[%clk 0:39:00]} 32. f5 {[%clk 0:12:12]} Rgf8 {[%clk 0:37:38]} 33. Rbf2
{[%clk 0:11:49]} Rf6 {[%clk 0:37:01]} 34. Kg2 {[%clk 0:10:04]} Nd8
{[%clk 0:32:57]} 35. Qxd6 {[%clk 0:06:18]} Qxe4+ {[%clk 0:33:24]} 36. Kh3
{[%clk 0:06:38]} Nf7 {[%clk 0:27:02]} 37. Qe7 {[%clk 0:03:06]} Rg8
{[%clk 0:27:02]} 38. Kh2 {[%clk 0:02:00]} Rxf5 {[%clk 0:17:29]} 39. Rxf5
{[%clk 0:02:17]} exf5 {[%clk 0:16:01]} 40. Qxf7+ {[%clk 0:02:42]} Kh8
{[%clk 0:16:25]} 41. Qf6+ {[%clk 0:02:56]} Rg7 {[%clk 0:16:50]} 42. Qxe5
{[%clk 0:03:08]} 1-0

[Event "Hoogeveen Open"]
[Site "Hoogeveen, Netherlands"]
[Date "2016.10.17"]
[Round "3.18"]
[White "Kerigan, Demre"]
[Black "Schut, Han"]
[Result "0-1"]
[WhiteElo "2362"]
[BlackElo "2128"]
[PlyCount "98"]
[EventDate "2016.??.??"]

1. e4 c5 2. Nf3 d6 3. Bb5+ Nd7 4. O-O a6 5. Bd3 Ngf6 6. Re1 b5 7. c3 Bb7 8. Bc2
Qc7 9. d4 cxd4 10. cxd4 Rc8 11. Bb3 Nxe4 12. Bf4 Qb6 13. Nbd2 Nef6 14. a4 d5
15. a5 Qd8 16. Ne5 e6 17. Qe2 Nxe5 18. dxe5 Nd7 19. Qg4 Nb8 20. Be3 Nc6 21. Bb6
Qe7 22. Rac1 Qb4 23. Qg5 h6 24. Qe3 Be7 25. Nf3 O-O 26. Qd3 Nxa5 27. Bc2 g6 28.
Be3 Nc4 29. Bxh6 Nxb2 30. Qe3 Nc4 31. Qd3 Nb2 32. Qe2 Rfd8 33. Ng5 Qh4 34. Nxf7
Kxf7 35. Qf3+ Ke8 36. Bxg6+ Kd7 37. Qe3 Nc4 38. Qa7 Rc7 39. Rxc4 bxc4 40. Be3
c3 41. Rb1 Ra8 42. Qb6 Rg8 43. Bf7 Qg4 44. Bxg8 Qxg8 45. Qa5 Qg4 46. h3 Qe4 47.
Qa2 c2 48. Rc1 d4 49. Qa4+ Bc6 0-1

[Event "Hoogeveen Open"]
[Site "Hoogeveen, Netherlands"]
[Date "2016.10.17"]
[Round "3.19"]
[White "Colijn, Stefan"]
[Black "Vardan Nagpal"]
[Result "1-0"]
[WhiteElo "2293"]
[BlackElo "2117"]
[PlyCount "133"]
[EventDate "2016.??.??"]

1. d4 d5 2. Nf3 Nf6 3. Bf4 c5 4. c3 Nc6 5. e3 e6 6. Nbd2 Bd6 7. Ne5 O-O 8. Bd3
Qc7 9. Ndf3 b6 10. Bg3 Bb7 11. Nxc6 Bxc6 12. Ne5 Bb7 13. Rc1 Rac8 14. a3 Ne4
15. Qh5 g6 16. Qh6 Nxg3 17. hxg3 f5 18. Nxg6 Rf6 19. Qh5 Rxg6 20. Ke2 Bf8 21.
Qf3 Qg7 22. Rh5 Rh6 23. Rch1 Rxh5 24. Rxh5 h6 25. Qf4 Kf7 26. f3 Ke7 27. g4
fxg4 28. fxg4 Qf6 29. g5 Qxf4 30. exf4 hxg5 31. Rh7+ Kd6 32. Rxb7 c4 33. Bc2
gxf4 34. Rxa7 Kc6 35. Ba4+ b5 36. Ra6+ Kd7 37. Bxb5+ Ke7 38. a4 Rb8 39. Kf3 Bh6
40. Ra7+ Kf6 41. Rh7 Kg6 42. Re7 Kf6 43. Re8 Rb7 44. Rh8 Kg7 45. Rd8 Kf6 46.
Rd6 Ke7 47. Ra6 Kf6 48. Bc6 Rxb2 49. Bxd5 Rb3 50. Kg4 f3 51. Rxe6+ Kg7 52. gxf3
Rxc3 53. Rc6 Be3 54. Rxc4 Rd3 55. Be4 Rxd4 56. Rxd4 Bxd4 57. a5 Kf6 58. a6 Ba7
59. Kf4 Bb6 60. Bb7 Ke6 61. Ke4 Ba7 62. f4 Bg1 63. Bc8+ Kd6 64. f5 Ba7 65. f6
Bc5 66. f7 Ke7 67. Be6 1-0

[Event "Hoogeveen Open"]
[Site "Hoogeveen, Netherlands"]
[Date "2016.10.17"]
[Round "3.20"]
[White "Kokje, Joris"]
[Black "Van Osch, Mees"]
[Result "0-1"]
[WhiteElo "2126"]
[BlackElo "2288"]
[PlyCount "82"]
[EventDate "2016.??.??"]

1. d4 Nf6 2. c4 g6 3. f3 Bg7 4. e4 d6 5. Nc3 O-O 6. Nge2 c5 7. d5 e6 8. Ng3
exd5 9. cxd5 a6 10. a4 h5 11. Bg5 Nbd7 12. Be2 Qc7 13. O-O c4 14. Qd2 Rb8 15.
a5 b5 16. axb6 Qxb6+ 17. Be3 Qxb2 18. Bxc4 Ng4 19. Qxb2 Rxb2 20. fxg4 Bxc3 21.
Bxa6 h4 22. Nh1 Rb4 23. Bxc8 Rxc8 24. Ra7 Rxe4 25. Rxd7 Rxe3 26. Rxd6 Bd4 27.
Rc6 Re2+ 28. Nf2 Ra8 29. Rc4 Rd2 30. d6 Be3 31. Rc3 Bb6 32. Rf3 Raa2 33. g5
Rxf2 34. R3xf2 Kf8 35. Rc1 Bxf2+ 36. Kh1 Rd2 37. g4 Be3 38. Rc8+ Kg7 39. d7
Rxd7 40. Kg2 Bxg5 41. Kh3 Rd3+ 0-1

[Event "Hoogeveen Open"]
[Site "Hoogeveen, Netherlands"]
[Date "2016.10.17"]
[Round "3.21"]
[White "Strating, Sybolt"]
[Black "Hummel, Joop"]
[Result "1-0"]
[WhiteElo "2276"]
[BlackElo "2007"]
[PlyCount "61"]
[EventDate "2016.??.??"]

1. d4 d5 2. c4 e6 3. Nc3 c5 4. cxd5 exd5 5. Nf3 Nc6 6. g3 Nf6 7. Bg2 Be7 8. O-O
O-O 9. dxc5 Bxc5 10. a3 Re8 11. b4 Bf8 12. Bb2 Bg4 13. Re1 a6 14. Qd2 Bxf3 15.
exf3 Ne5 16. Nxd5 Nfd7 17. Bxe5 Nxe5 18. f4 Nc4 19. Rxe8 Qxe8 20. Qd4 b5 21.
Nc7 Rd8 22. Qc3 Qe2 23. Bf1 Qe4 24. Nxa6 Qc6 25. Nc5 Bxc5 26. bxc5 Qxc5 27. a4
Rd2 28. Qf3 g5 29. axb5 Nd6 30. Re1 Nf5 31. fxg5 1-0

[Event "Hoogeveen Open"]
[Site "Hoogeveen, Netherlands"]
[Date "2016.10.17"]
[Round "3.22"]
[White "Dushyant Sharma"]
[Black "Bunyatov, Rustam"]
[Result "1-0"]
[WhiteElo "2039"]
[BlackElo "2249"]
[PlyCount "97"]
[EventDate "2016.??.??"]

1. e4 g6 2. d4 Bg7 3. c3 d6 4. Bd3 e5 5. Ne2 Nc6 6. O-O exd4 7. cxd4 Nge7 8.
Be3 O-O 9. Nbc3 f5 10. f3 h6 11. Qb3+ Kh7 12. Rad1 b6 13. Kh1 Bd7 14. Bb1 fxe4
15. fxe4 Na5 16. Qc2 Nc4 17. Bg1 Rxf1 18. Rxf1 b5 19. Nf4 c6 20. Rf3 Qe8 21.
Rg3 g5 22. Nfe2 Qg6 23. Nf4 Qf7 24. Nd3 g4 25. Qe2 Kh8 26. e5 dxe5 27. dxe5 h5
28. Nc5 Bf5 29. e6 Qg6 30. Bxf5 Nxf5 31. Rd3 Ne5 32. Rd1 h4 33. Bd4 Ng3+ 34.
hxg3 hxg3 35. Kg1 Qh5 36. e7 Re8 37. Qe4 Nf3+ 38. gxf3 Qh2+ 39. Kf1 g2+ 40. Ke1
Bxd4 41. Qxd4+ Kh7 42. Qe4+ Kh8 43. Ne2 gxf3 44. Qxf3 g1=Q+ 45. Nxg1 Qxg1+ 46.
Kd2 Qg5+ 47. Kd3 Qxc5 48. Qf6+ Kg8 49. Qg6+ 1-0

[Event "Hoogeveen Open"]
[Site "Hoogeveen, Netherlands"]
[Date "2016.10.17"]
[Round "3.23"]
[White "Hulshof, Peter"]
[Black "Taams, Sander"]
[Result "0-1"]
[WhiteElo "2223"]
[BlackElo "1857"]
[PlyCount "150"]
[EventDate "2016.??.??"]

1. e4 c5 2. Nc3 Nc6 3. g3 g6 4. Bg2 Bg7 5. d3 d6 6. f4 e6 7. Nf3 Nge7 8. O-O
O-O 9. Be3 Nd4 10. e5 Nec6 11. Ne4 dxe5 12. Nxe5 Nxe5 13. fxe5 Bxe5 14. c3 Nf5
15. Bxc5 Re8 16. Qf3 Qc7 17. d4 Bg7 18. g4 Nh6 19. Bd6 Qd8 20. g5 Nf5 21. Be5
Bxe5 22. dxe5 Kg7 23. Nf6 Rh8 24. Rad1 Qb6+ 25. Rf2 h5 26. Bh3 Rd8 27. Rxd8
Qxd8 28. Bxf5 exf5 29. Qe3 Qd1+ 30. Rf1 Qc2 31. e6 Bxe6 32. Qe5 Rd8 33. Nxh5+
Kf8 34. Qg7+ Ke8 35. Qh8+ Kd7 36. Qd4+ Kc8 37. Qc5+ Kb8 38. Nf4 Qe4 39. Nxe6
fxe6 40. Qf2 e5 41. Re1 Qg4+ 42. Qg3 Qxg3+ 43. hxg3 e4 44. Kf2 Kc7 45. Rh1 Rd2+
46. Ke3 Rd3+ 47. Kf2 Rd2+ 48. Ke3 Rg2 49. Kf4 Kd6 50. Rh6 Rf2+ 51. Ke3 Rf3+ 52.
Ke2 Rxg3 53. Rxg6+ Ke5 54. Rg8 Rg2+ 55. Kf1 Rxb2 56. g6 Kf6 57. g7 Rxa2 58.
Rf8+ Kxg7 59. Rxf5 Ra3 60. Rc5 Kf6 61. Ke2 b6 62. Rc4 Ke5 63. Ke3 Kd5 64. Rc8
b5 65. Rd8+ Kc4 66. Rc8+ Kb3 67. Kxe4 Ra4+ 68. Kd3 Rc4 69. Rb8 Rxc3+ 70. Kd2 b4
71. Rb5 a6 72. Ra5 Rc6 73. Kd3 Rd6+ 74. Ke4 Kc4 75. Ke5 Rb6 0-1

[Event "Hoogeveen Open"]
[Site "Hoogeveen, Netherlands"]
[Date "2016.10.17"]
[Round "3.24"]
[White "Bruggink, Tycho"]
[Black "Grant, Jonathan I M"]
[Result "0-1"]
[WhiteElo "1895"]
[BlackElo "2223"]
[PlyCount "34"]
[EventDate "2016.??.??"]

1. e4 c6 2. d4 d5 3. Nc3 dxe4 4. Nxe4 Bf5 5. Ng3 Bg6 6. Nf3 Nd7 7. Be2 e6 8. c3
Bd6 9. Nd2 Ngf6 10. Nc4 Bc7 11. Bf3 O-O 12. O-O Nb6 13. Nxb6 axb6 14. Bg5 h6
15. Bh4 Bd6 16. Ne4 Bxe4 17. Bxe4 g5 0-1

[Event "Hoogeveen Open"]
[Site "Hoogeveen, Netherlands"]
[Date "2016.10.17"]
[Round "3.25"]
[White "Kouwenhoven, Derk"]
[Black "De Graaf, Dick"]
[Result "0-1"]
[WhiteElo "1964"]
[BlackElo "2195"]
[PlyCount "70"]
[EventDate "2016.??.??"]

1. e4 d6 2. d4 g6 3. Nc3 Bg7 4. Be3 a6 5. Qd2 b5 6. a3 Bb7 7. Nh3 Nd7 8. O-O-O
Rc8 9. Be2 c5 10. d5 b4 11. Nb1 Nb6 12. axb4 Na4 13. c3 cxb4 14. Bd4 Nf6 15.
Qc2 Qa5 16. c4 O-O 17. Nd2 Nc5 18. b3 e6 19. Kb1 Qc7 20. f4 exd5 21. exd5 a5
22. Qb2 Qd8 23. Nf2 a4 24. Ng4 Ncd7 25. Ne4 Nxe4 26. Bxg7 f6 27. Bxf8 Nc3+ 28.
Kc1 a3 29. Qd2 Qxf8 30. Rde1 f5 31. Nf2 Nc5 32. Qc2 Qf6 33. Bd1 a2 34. Kb2 Ra8
35. Bf3 Nd1+ 0-1

[Event "Hoogeveen Open"]
[Site "Hoogeveen, Netherlands"]
[Date "2016.10.17"]
[Round "3.26"]
[White "Hoffman, Ron"]
[Black "De Vries, Bram"]
[Result "1-0"]
[WhiteElo "2074"]
[BlackElo "1984"]
[PlyCount "134"]
[EventDate "2016.??.??"]

1. c4 Nf6 2. Nc3 c5 3. Nf3 Nc6 4. d4 cxd4 5. Nxd4 e6 6. Ndb5 a6 7. Nd6+ Bxd6 8.
Qxd6 Qe7 9. Bf4 Nh5 10. Qxe7+ Kxe7 11. Bc7 Nf6 12. c5 Nb4 13. O-O-O b5 14. e4
Bb7 15. Bd6+ Kd8 16. f3 Nc6 17. Be2 Ne8 18. Bg3 Rf8 19. Rd2 f6 20. Rhd1 Rf7 21.
f4 g6 22. Bg4 Ng7 23. f5 gxf5 24. exf5 exf5 25. Bf3 Rc8 26. Bh4 Na5 27. Bxf6+
Ke8 28. Bxb7 Nxb7 29. Bxg7 Rxg7 30. b4 d6 31. Re1+ Kf8 32. Rd5 dxc5 33. Rxf5+
Kg8 34. bxc5 Nxc5 35. Kb1 Rxg2 36. Nd5 Kg7 37. Re7+ Kh6 38. Rf6+ Rg6 39. Rff7
Rg1+ 40. Kb2 Nd3+ 41. Ka3 Rg6 42. Rxh7+ Kg5 43. Rh3 b4+ 44. Ka4 Nc5+ 45. Kxb4
a5+ 46. Kb5 Re6 47. Rg7+ Kf5 48. Ne7+ Kf6 49. Nxc8 Kxg7 50. Kxc5 Re2 51. a4
Rc2+ 52. Kb5 Rxc8 53. Kxa5 Rb8 54. Ka6 Rb2 55. a5 Rb8 56. Rc3 Kh8 57. Rc4 Kg8
58. Ka7 Rb2 59. h4 Rb5 60. a6 Kh8 61. Ka8 Rb6 62. a7 Rb1 63. Rc8+ Kh7 64. Rb8
Rg1 65. Kb7 Rg7+ 66. Kb6 Rb7+ 67. Rxb7+ Kh8 1-0